• 首页
  • 本馆介绍
  • 公告通知
  • 最新文献
  • 馆藏检索
  • 电子资源
  • 读者导购
  • 参考咨询
  • 我的图书馆
  • 登录
  • 详细信息显示
  • 放入我的书架
  • 预约/预借图书
  • 作者相关作品
  • 分类相关作品
  • 丛书相关作品
  • 出版社相关作品

书目信息

  • 表格格式
  • 工作单格式
  • 卡片格式
题名:
百度那些人和事
    
 
作者: 丁西坡 著
分册:  
出版信息: 北京   中国人民大学出版社  2009
页数: 224页
开本: 25cm
丛书名:
单 册:
中图分类: F279.244.4
科图分类:
主题词: 网络公司--企业管理--经验--中国 , 网络公司 , 企业管理
电子资源:
ISBN: 978-7-300-11446-0
000 00990nam0 2200289 45
001 1130192078
005 20110309090552.32
010    @a978-7-300-11446-0@dCNY36.00
100    @a20110121d2009 em y0chiy50 ea
101 0  @achi
102    @aCN@b110000
105    @ay z 000yd
106    @ar
200 1  @a百度那些人和事@ABai Du Na Xie Ren He Shi@dBaidu,Inc. real people, real history@f丁西坡著@FDing Xi Po Zhu@zeng
210    @a北京@c中国人民大学出版社@d2009
215    @a224页@d25cm
300    @a湛庐文化 商业智慧 66
330    @a本书用哲理诗式的美妙文字客观描述了百度公司10年的创业史,同时也很仔细地解读了百度公司创始人李彦宏在创业10年的过程中体现出来的商业智慧。
510 1  @aBaidu,Inc. real people, real history@zeng
606 0  @a网络公司@x企业管理@x经验@y中国
606 0  @a网络公司
606 0  @a企业管理
610 0  @a百度
690    @aF279.244.4@v4
701  0 @a丁西坡@ADing Xi Po@4著
801  0 @aCN@bTANGWEI@c20110309
905    @b0530326-29@dF279.244.4@e918@f4
    
    百度那些人和事=Baidu,Inc. real people, real history/丁西坡著.-北京:中国人民大学出版社,2009
    224页;25cm
    湛庐文化 商业智慧 66
    
    ISBN 978-7-300-11446-0:CNY36.00
    本书用哲理诗式的美妙文字客观描述了百度公司10年的创业史,同时也很仔细地解读了百度公司创始人李彦宏在创业10年的过程中体现出来的商业智慧。
●
相关链接 在E读中查询图书 在五车中查询图书 在当当中查询图书 在豆瓣中查询图书


正题名:百度那些人和事     索取号:F279.244.4/918         预约/预借

序号 登录号 条形码 馆藏地/架位号 状态 备注
1 0530326   205303269   第一样本阅览室/ [索取号:F279.244.4/918] 在馆    
2 0530327   205303278   第一借阅区/ [索取号:F279.244.4/918] 在馆    
3 0530328   205303287   第一借阅区/ [索取号:F279.244.4/918] 在馆    
4 0530329   205303296   第一借阅区/ [索取号:F279.244.4/918] 在馆    
唐山师范学院图书馆 欢迎您!
大连网信软件有限公司© 版权所有